000 00624pam a2200229 a 4500
001 480152
005 20180308044944.0
008 840905s1985 mdua b 001 0 eng c
010 _a 84020858
020 _a0683080385
040 _aDNLM/DLC
_cDLC
_dDLC
041 _aeng
060 _aWP 140 S974i
080 _a618.1 SWE
082 0 0 _a618.1 SWE
_219
100 1 _a4
101 _aSHM
245 1 0 _aInfectious diseases of the female genital tract /
_cRichard L. Sweet, Ronald S. Gibbs.
504 _aIncludes bibliographies and index.
906 _a7
_bcbc
_corignew
_d1
_eocip
_f19
_gy-gencatlg
942 _2ddc
_cBK
999 _c44427
_d44427